Trouve la DCI du médicament ! - Statistiques

Statistiques générales
  • Ce quiz a été pris 183 fois
  • Le résultat moyen est 14 sur 30
Statistiques - réponses
Réponses % Correct
Paracétamol
99%
Amlodipine
74%
Ibuprofène
72%
Furosemide
69%
Atorvastatine
67%
Salbutamol
67%
Alprazolam
63%
Amoxicilline
60%
Metformine
58%
Diazépam
53%
Oméprazole
53%
Esoméprazole
52%
Diclofénac
51%
Levothyroxine
51%
Kétoprofène
46%
Sertraline
46%
Zolpidem
45%
Pantoprazole
43%
Cetirizine
42%
Lorazépam
42%
Venlafaxine
42%
Escitalopram
40%
Sitagliptine
39%
Ramipril
35%
Budésonide
26%
Dompéridone
25%
Fluticasone
23%
Losartan
22%
Loratadine
18%
Simvastatine
18%
Aucun quiz correspondant
Distribution des résultats
% des personnes avec chaque résultat
Percentile par nombre de réponses
Votre historique - résultats
Vous n’avez pas pris ce quiz